000 00348nam a22001457a 4500
003 OSt
005 20160727222351.0
008 160622b xxu||||| |||| 00| 0 eng d
040 _cTEST
100 _9399
_aMethieson, D,
245 _aTrial By Wilderness
260 _aBoston
_bHoughton Miffin Com.
300 _aTrial By Wilderness
942 _2ddc
_cBK
999 _c325
_d325